[Event "NOR-ch Youth 2019"]
[Site "Skien"]
[Date "2019.11.09"]
[Round "4.5"]
[White "Eckholdt, Carl Marcus"]
[Black "Opseth, Oliver"]
[Result "0-1"]
[WhiteElo "1298"]
[BlackElo "1795"]
[Annotator "NA RC"]
[PlyCount "124"]
[EventDate "2019.11.08"]
[EventType "swiss"]
[EventCountry "NOR"]
[SourceTitle "playchess.com"]
[Source "ChessBase"]
[SourceQuality "1"]
[TimeControl "5400+30"]

1. d4 {[%emt 0:00:00]} c5 {[%emt 0:00:16]} 2. dxc5 {[%emt 0:01:39]} Nc6 {[%emt 0:00:20]} 3. e4 {[%emt 0:00:19]} e6 {[%emt 0:03:30]} 4. Be3 {[%emt 0:01:50]} Nf6 {[%emt 0:00:12]} 5. Nc3 {[%emt 0:01:29]} Qa5 {[%emt 0:00:30]} 6. Bd3 {[%emt 0:02:33]} Bxc5 {[%emt 0:02:15]} 7. Bxc5 {[%emt 0:01:05]} Qxc5 {[%emt 0:00:05]} 8. Nf3 {[%emt 0:01:56]} O-O {[%emt 0:02:51]} 9. O-O {[%emt 0:00:33]} e5 {[%emt 0:01:25]} 10. Nd5 {[%emt 0:03:54]} Nxd5 {[%emt 0:04:56]} 11. exd5 {[%emt 0:00:27]} Ne7 {[%emt 0:00:14]} 12. Nxe5 {[%emt 0:10:19]} Nxd5 {[%emt 0:02:29]} 13. Qf3 {[%emt 0:08:09]} Nf6 {[%emt 0:02:03]} 14. Rfe1 {[%emt 0:01:54]} d5 {[%emt 0:03:18]} 15. Bf5 {[%emt 0:05:07]} Bxf5 {[%emt 0:10:26]} 16. Qxf5 {[%emt 0:00:18]} Rad8 {[%emt 0:04:46]} 17. Nf3 {[%emt 0:05:24]} Qb6 {[%emt 0:04:25]} 18. b3 {[%emt 0:02:40]} Ne4 {[%emt 0:06:37]} 19. Re3 {[%emt 0:02:14]} Rde8 {[%emt 0:07:59]} 20. Rae1 {[%emt 0:05:03]} Rd8 {[%emt 0:05:19]} 21. Rd1 {[%emt 0:00:54]} Qc6 {[%emt 0:03:06]} 22. Nd4 {[%emt 0:02:33]} Qc8 {[%emt 0:02:15]} 23. Red3 {[%emt 0:04:27]} Rfe8 {[%emt 0:03:02]} 24. Qxc8 {[%emt 0:00:19]} Rxc8 {[%emt 0:00:05]} 25. Nf5 {[%emt 0:01:07]} Rxc2 {[%emt 0:03:58]} 26. Rxd5 {[%emt 0:01:15]} h6 {[%emt 0:00:49]} 27. Rd7 {[%emt 0:03:28]} Nc5 {[%emt 0:05:21]} 28. Ne3 {[%emt 0:08:57]} Rxa2 {[%emt 0:02:14]} 29. Rc7 {[%emt 0:00:44]} Ne4 {[%emt 0:00:57]} 30. Nc2 {[%emt 0:03:02]} Nf6 {[%emt 0:03:57]} 31. Ne3 {[%emt 0:00:45]} Ne4 {[%emt 0:01:10]} 32. Nc2 {[%emt 0:00:10]} Rb2 {[%emt 0:00:10]} 33. b4 {[%emt 0:02:39]} Kh7 {[%emt 0:01:08]} 34. g3 {[%emt 0:01:07]} Re6 {[%emt 0:01:31]} 35. Rxf7 {[%emt 0:04:10]} Rxc2 {[%emt 0:03:24]} 36. Rdd7 {[%emt 0:00:18]} Rg6 {[%emt 0:00:24]} 37. Rxb7 {[%emt 0:00:39]} Nd6 {[%emt 0:02:17]} 38. Rbc7 {[%emt 0:00:09]} Nxf7 {[%emt 0:00:18]} 39. Rxc2 {[%emt 0:00:12]} Rb6 {[%emt 0:00:06]} 40. Rc7 {[%emt 0:00:38]} Ne5 {[%emt 0:00:25]} 41. Rxa7 {[%emt 0:00:19]} Rxb4 {[%emt 0:00:03]} 42. Kg2 {[%emt 0:01:25]} Rb2 {[%emt 0:00:16]} 43. Re7 {[%emt 0:00:34]} Nd3 {[%emt 0:02:03]} 44. Rf7 {[%emt 0:00:08]} Kg6 {[%emt 0:00:17]} 45. Rf8 {[%emt 0:00:17]} Rb6 {[%emt 0:02:09]} 46. Rd8 {[%emt 0:00:42]} Ne5 {[%emt 0:00:26]} 47. h3 {[%emt 0:00:28]} Rb7 {[%emt 0:00:59]} 48. g4 {[%emt 0:00:35]} Rd7 {[%emt 0:00:13]} 49. Re8 {[%emt 0:01:01]} Nf7 {[%emt 0:00:38]} 50. h4 {[%emt 0:00:29]} Rd4 {[%emt 0:01:03]} 51. Kg3 {[%emt 0:00:16]} Nd6 {[%emt 0:01:06]} 52. Rf8 {[%emt 0:01:47]} Ne4+ {[%emt 0:00:49]} 53. Kh3 {[%emt 0:00:41]} Nf6 {[%emt 0:01:22]} 54. g5 {[%emt 0:00:59]} hxg5 {[%emt 0:00:23]} 55. hxg5 {[%emt 0:00:01]} Kxg5 {[%emt 0:00:06]} 56. Rf7 {[%emt 0:00:23]} g6 {[%emt 0:00:26]} 57. Rb7 {[%emt 0:00:39]} Ne4 {[%emt 0:00:55]} 58. f3 {[%emt 0:01:24]} Nd6 {[%emt 0:00:30]} 59. Rb2 {[%emt 0:00:22]} Rh4+ {[%emt 0:01:47]} 60. Kg3 {[%emt 0:00:14]} Nf5+ {[%emt 0:00:05]} 61. Kg2 {[%emt 0:00:37]} Rd4 {[%emt 0:00:45]} 62. Ra2 {[%emt 0:00:35]} Kf4 {[%emt 0:00:17]} 0-1

[Event "NOR-ch Youth 2019"]
[Site "Skien"]
[Date "2019.11.09"]
[Round "4.7"]
[White "Melaa, Sondre"]
[Black "Nesse, David"]
[Result "1-0"]
[WhiteElo "2234"]
[BlackElo "1848"]
[Annotator "TA"]
[PlyCount "130"]
[EventDate "2019.11.08"]
[EventType "swiss"]
[EventCountry "NOR"]
[SourceTitle "playchess.com"]
[Source "ChessBase"]
[SourceQuality "1"]

{[%evp 12,130,0,-2,6,14,8,9,0,0,16,0,44,25,47,50,70,29,34,33,23,26,61,61,31,50,70,0,19,-32,20,17,19,7,64,77,74,10,12,6,4,8,31,33,21,10,42,35,122,64,64,68,60,46,65,9,48,15,15,17,17,17,17,0,0,0,10,15,45,43,44,6,59,54,57,13,25,14,21,12,57,57,57,26,67,60,66,75,75,0,0,0,0,0,0,0,0,0,0,0,0,0,0,0,0,0,8,8,21,21,31,31,51,0,0,0,0,0,128,31,149]} 1. d4 Nf6 2. Bf4 d5 3. e3 e6 4. Nd2 Bd6 5. Bg3 O-O 6. Bd3 b6 7. Ngf3 Ba6 {D02: 1 d4 d5 2 Nf3 sidelines, including 2...Nf6 3 g3 and 2...Nf6 3 Bf4} 8. Bxa6 Nxa6 9. c3 c5 {The position is equal.} 10. Qe2 Nc7 11. Ne5 b5 $146 ({Predecessor:} 11... cxd4 12. cxd4 Ne4 13. Nd3 Qe7 14. Bxd6 Qxd6 {½-½ (30) Iturrizaga Bonelli,E (2652)-Adams,M (2751) Caleta 2017}) 12. O-O a5 13. dxc5 Bxc5 14. b4 axb4 15. cxb4 Bd6 16. Rfc1 g6 17. Nc6 Qd7 18. Bxd6 Qxd6 19. Nd4 (19. Rc2 $14) 19... Ra6 20. Rc5 ({White should play} 20. a3 $11) 20... Rb8 (20... Rfa8 $15) 21. Rac1 $11 Rb7 22. N2b3 Ne4 (22... e5 $11 23. Nf3 Ne4) 23. R5c2 {Threatens to win with f3.} e5 {[#]} 24. Nc6 ({White should try} 24. Qg4 $1 $16 {[%cal Rg4c8] Strongly threatening Qc8+.} Rba7 25. Nc6) 24... Ne6 25. f3 Nf6 26. Nca5 Rbb6 27. Nc5 $36 {[%mdl 2048] White has some pressure.} Ra8 28. Nxe6 fxe6 29. a3 d4 (29... e4 $14) 30. Qd2 (30. e4 $16) 30... dxe3 $14 31. Qxe3 Qd4 32. Re1 (32. Re2 {looks sharper.} Rd6 33. Qxd4 exd4 34. Rc5 Rd5 35. Rxd5 Nxd5 36. Rxe6 Rd8 37. Re2) 32... Rd6 33. Nb7 (33. Qxd4 $14 exd4 34. Rc5) 33... Rb6 34. Nc5 Rxa3 35. Qxd4 exd4 36. Nxe6 {And now Rc8+ would win.} Re3 37. Rc8+ Kf7 38. Ng5+ Kg7 39. Rc7+ Kh6 40. Nf7+ Kg7 41. Ne5+ Kh6 (41... Kf8 $11 42. Rxe3 dxe3) 42. Rxe3 dxe3 {[%mdl 4096] Endgame KRN-KRN} 43. Re7 Ra6 {[%cal Ra6a1]} 44. Nf7+ {[%mdl 64] Discovered Attack} Kg7 {[%cal Ra6a1]} 45. Nd8+ Kf8 {[%cal Ra6a1]} (45... Kg8 {is more complex.} 46. Rxe3 Rd6 47. Ne6 Rd1+ 48. Kf2 Rb1) 46. Rxe3 Nd5 47. Re4 Ra4 48. Nc6 Ra6 49. Re5 Nf4 50. Re4 (50. Na5 $16) 50... Nd3 $11 {( -> ...Ra1+)} 51. Na5 Nxb4 {[%mdl 64] Remove Defender} 52. Rxb4 Rxa5 {KR-KR} 53. Re4 Ra7 54. Kf2 Rb7 55. Ke3 Re7 56. Kd4 Rd7+ 57. Kc3 h5 58. Re5 b4+ 59. Kxb4 Rd2 60. Rg5 Kf7 61. Kc3 Rd1 62. Kc2 ({Better is} 62. h4 $14) 62... Rh1 63. h3 Kf6 $1 {[%cal Rf6g5]} 64. f4 h4 {[#]} (64... Rf1 $11 {remains equal.}) 65. Kd2 (65. Rg4 $1 $16) 65... Rf1 {Accuracy: White = 47%, Black = 40%.} (65... Rb1 $14) 1-0

[Event "NOR-ch Youth 2019"]
[Site "Skien"]
[Date "2019.11.09"]
[Round "4.8"]
[White "Sjoberg, Isak"]
[Black "Vitenberg, Noam Aviv"]
[Result "1/2-1/2"]
[WhiteElo "2247"]
[BlackElo "2246"]
[Annotator "TA"]
[PlyCount "39"]
[EventDate "2019.11.08"]
[EventType "swiss"]
[EventCountry "NOR"]
[SourceTitle "playchess.com"]
[Source "ChessBase"]
[SourceQuality "1"]

{[%evp 13,39,25,17,16,37,22,18,-81,0,0,0,0,0,0,0,0,0,4,5,8,7,0,0,0,12,0,0,0]} 1. e4 c6 2. d4 d5 3. Nc3 dxe4 4. Nxe4 Bf5 5. Ng3 Bg6 6. Bc4 Nd7 7. N1e2 e6 8. Nf4 {B18: Classical Caro-Kann: 4...Bf5 sidelines} Bd6 9. h4 Qc7 10. Bxe6 $146 {[#]} (10. Nxg6 $11 {keeps the balance.} hxg6 11. Ne4) ({Predecessor:} 10. Nxg6 hxg6 11. Ne4 Bf4 12. g3 Bxc1 13. Qxc1 Ngf6 14. Nxf6+ gxf6 15. Qe3 O-O-O {0-1 (62) Sevian,S (2401)-Roiz,M (2614) Santa Clara 2014}) 10... fxe6 (10... Ndf6 $1 $17 11. Nxg6 hxg6) 11. Nxe6 $11 {The position is equal.} Qa5+ $1 12. Bd2 $1 {[%cal Rd2a5]} Qd5 13. Qe2 Kf7 14. Ng5+ Kf8 15. c4 Qxg2 {[#] Strongly threatening ...Re8.} 16. Ne6+ Kf7 17. Ng5+ Kf8 {And now ...Re8 would win.} 18. Ne6+ Kf7 {aiming for ...Re8.} 19. Ng5+ Kf8 {White must now prevent ...Re8.} 20. Ne6+ 1/2-1/2

[Event "NOR-ch Youth 2019"]
[Site "Skien"]
[Date "2019.11.09"]
[Round "4.9"]
[White "Lystad, Maximilian L"]
[Black "Nilsen, Tobias Lang"]
[Result "0-1"]
[WhiteElo "1612"]
[BlackElo "2016"]
[Annotator "NA RC"]
[PlyCount "86"]
[EventDate "2019.11.08"]
[EventType "swiss"]
[EventCountry "NOR"]
[SourceTitle "playchess.com"]
[Source "ChessBase"]
[SourceQuality "1"]
[TimeControl "5400+30"]

1. c4 {[%emt 0:00:00]} Nf6 {[%emt 0:00:00]} 2. Nc3 {[%emt 0:00:00]} c5 {[%emt 0:00:00]} 3. g3 {[%emt 0:00:00]} d5 {[%emt 0:00:00]} 4. cxd5 {[%emt 0:00:00]} Nxd5 {[%emt 0:00:00]} 5. Bg2 {[%emt 0:00:00]} Nc7 {[%emt 0:00:00]} 6. Nf3 {[%emt 0:00:30]} Nc6 {[%emt 0:00:04]} 7. d3 {[%emt 0:00:05]} e5 {[%emt 0:00:32]} 8. O-O {[%emt 0:00:36]} Be7 {[%emt 0:00:05]} 9. b3 {[%emt 0:03:24]} O-O {[%emt 0:01:32]} 10. Bb2 {[%emt 0:00:21]} Bd7 {[%emt 0:03:54]} 11. Rc1 {[%emt 0:02:10]} f6 {[%emt 0:00:07]} 12. Ne4 {[%emt 0:13:57]} Ne6 {[%emt 0:17:40]} 13. Nfd2 {[%emt 0:10:44]} Be8 {[%emt 0:10:01]} 14. Ba3 {[%emt 0:06:23]} b6 {[%emt 0:03:12]} 15. Nc3 {[%emt 0:02:36]} Rc8 {[%emt 0:01:04]} 16. Nd5 $15 {[%emt 0:14:11]} Bh5 {[%emt 0:07:18]} 17. Nc4 {[%emt 0:11:14]} Ned4 {[%emt 0:01:34]} 18. Re1 {[%emt 0:00:31]} Kh8 {[%emt 0:17:38]} 19. Nxe7 {[%emt 0:04:42]} Qxe7 {[%emt 0:00:09]} 20. f3 {[%emt 0:00:35]} Rcd8 {[%emt 0:01:53]} 21. e3 {[%emt 0:00:39]} Ne6 {[%emt 0:00:35]} 22. Qc2 {[%emt 0:02:34]} Bg6 {[%emt 0:00:31]} 23. Rcd1 {[%emt 0:00:39]} b5 {[%emt 0:00:37]} 24. f4 {[%emt 0:02:43]} bxc4 {[%emt 0:01:50]} 25. Bxc6 {[%emt 0:00:06]} cxd3 {[%emt 0:00:08]} 26. Qc3 {[%emt 0:00:12]} e4 {[%emt 0:02:44]} 27. Rd2 {[%emt 0:04:44]} Qc7 {[%emt 0:12:59]} 28. Bb5 {[%emt 0:01:15]} Qb6 {[%emt 0:01:17]} 29. Bc4 {[%emt 0:01:47]} Nc7 {[%emt 0:00:47]} 30. Rc1 {[%emt 0:07:17]} Rc8 {[%emt 0:00:30]} 31. Qa1 {[%emt 0:03:59]} Qa5 {[%emt 0:00:37]} 32. Qb2 {[%emt 0:00:08]} Rb8 {[%emt 0:01:19]} 33. Rc3 {[%emt 0:04:27]} Rfc8 {[%emt 0:02:49]} 34. Qc1 {[%emt 0:00:26]} Be8 {[%emt 0:02:48]} 35. Kf2 {[%emt 0:02:24]} Rb4 {[%emt 0:01:51]} 36. Bb2 {[%emt 0:02:02]} Rbb8 {[%emt 0:02:35]} 37. Ba3 {[%emt 0:00:10]} Bd7 {[%emt 0:00:38]} 38. Bb2 {[%emt 0:00:57]} Qb6 {[%emt 0:02:22]} 39. Ba3 {[%emt 0:00:28]} a6 {[%emt 0:01:37]} 40. Bf7 {[%emt 0:00:30]} Nb5 {[%emt 0:01:48]} 41. Bxc5 {[%emt 0:00:11]} Qb7 {[%emt 0:00:11]} 42. Rc4 {[%emt 0:00:36]} Bg4 {[%emt 0:00:12]} 43. Bd4 {[%emt 0:00:46]} Qxf7 {[%emt 0:00:38]} 0-1

[Event "NOR-ch Youth 2019"]
[Site "Skien"]
[Date "2019.11.09"]
[Round "4.10"]
[White "Abdrlauf, Elham"]
[Black "Valvag, Torbjorn"]
[Result "1-0"]
[WhiteElo "2244"]
[BlackElo "1918"]
[Annotator "TA"]
[PlyCount "51"]
[EventDate "2019.11.08"]
[EventType "swiss"]
[EventCountry "NOR"]
[SourceTitle "playchess.com"]
[Source "ChessBase"]
[SourceQuality "1"]

{[%evp 15,51,10,27,-10,106,112,261,257,270,277,252,250,265,250,246,238,567,578,576,555,546,565,624,622,671,661,733,734,722,714,708,645,789,788,809,809,772,766]} 1. e4 c5 2. Nf3 Nc6 3. d4 cxd4 4. Nxd4 Nf6 5. Nc3 e5 6. Ndb5 d6 7. Nd5 Nxd5 8. exd5 Ne7 9. Qd3 {aiming for Qc4. B33: Sicilian: Pelikan and Sveshnikov Variations} (9. c4 Ng6 10. Qa4 Bd7 11. Qb4 Bf5 12. h4 h5 13. Bg5 Qb8 14. g3 a6 15. Nc3 Be7 16. Be3 O-O 17. Be2 e4 18. Bxh5 Ne5 19. Be2 {0-1 (43) Karjakin,S (2750)-Inarkiev,E (2682) Nazran 2019}) 9... Bf5 $146 {[#]} (9... a6 $11 {remains equal.} 10. Nc3 Bf5) ({Predecessor:} 9... a6 10. Nc3 f5 11. Bg5 b5 12. a4 Qa5 13. b4 Qxb4 14. axb5 e4 15. Qg3 Nxd5 16. Bd2 e3 17. fxe3 Nxc3 {0-1 (25) Cidre,V (1982)-Molina,P (2277) Buenos Aires 2019}) 10. Qc4 $1 $16 {Threatens to win with Nc7+.} Rc8 (10... Kd7 $16 {was called for.}) 11. Qa4 $18 {[%cal Rb5d6] White has a decisive advantage.} Nc6 12. dxc6 bxc6 13. Nxa7 {[%mdl 64] Discovered Attack} Ra8 14. Qxc6+ Bd7 15. Qa6 Qb8 $2 {[#]} (15... d5 16. Qb7 Qa5+ 17. Bd2 Qxa7 18. Qxd5 Be7) 16. Nc6 {White is clearly winning.} Qc8 17. Qxc8+ Rxc8 18. Nb4 Be6 19. Bb5+ Kd8 20. c3 d5 21. Nc6+ Kc7 22. Nxe5 Bd6 23. Nd3 Kb6 24. a4 Bf5 25. Be3+ Kb7 26. O-O 1-0

[Event "NOR-ch Youth 2019"]
[Site "Skien"]
[Date "2019.11.09"]
[Round "4.11"]
[White "Dahl, Max"]
[Black "Shehzad, Shazil"]
[Result "0-1"]
[WhiteElo "1922"]
[BlackElo "2173"]
[Annotator "NA"]
[PlyCount "100"]
[EventDate "2019.11.08"]
[EventType "swiss"]
[EventCountry "NOR"]
[SourceTitle "playchess.com"]
[Source "ChessBase"]
[SourceQuality "1"]
[TimeControl "5400+30"]

1. Nf3 {[%emt 0:00:00]} d5 {[%emt 0:00:00]} 2. d4 {[%emt 0:00:27]} Nf6 {[%emt 0:00:05]} 3. c4 {[%emt 0:01:55]} e6 {[%emt 0:00:09]} 4. cxd5 {[%emt 0:06:34]} exd5 {[%emt 0:00:14]} 5. Nc3 {[%emt 0:02:26]} Bb4 {[%emt 0:03:33]} 6. Bg5 {[%emt 0:07:51]} h6 {[%emt 0:01:48]} 7. Bxf6 {[%emt 0:01:03]} Qxf6 {[%emt 0:00:16]} 8. a3 {[%emt 0:06:11]} Bxc3+ $1 {[%emt 0:00:31]} 9. bxc3 {[%emt 0:00:07]} O-O {[%emt 0:02:02]} 10. e3 {[%emt 0:03:34]} Nc6 {[%emt 0:06:38]} 11. Bd3 {[%emt 0:06:30]} Bf5 {[%emt 0:01:59]} 12. Bxf5 {[%emt 0:04:19]} Qxf5 {[%emt 0:00:06]} 13. O-O {[%emt 0:01:51]} Na5 {[%emt 0:01:36]} 14. Qb1 {[%emt 0:06:49]} Qe6 {[%emt 0:02:14]} 15. Qd3 {[%emt 0:08:33]} c6 {[%emt 0:02:34]} 16. Nd2 {[%emt 0:03:44]} Rfd8 {[%emt 0:06:28]} 17. Rfb1 {[%emt 0:06:49]} b6 {[%emt 0:03:01]} 18. Rc1 $11 {[%emt 0:08:15]} Rac8 {[%emt 0:05:08]} 19. Rab1 {[%emt 0:08:27]} Qd6 {[%emt 0:01:19]} 20. c4 {[%emt 0:06:14]} c5 {[%emt 0:02:27]} 21. dxc5 {[%emt 0:02:20]} Rxc5 {[%emt 0:01:06]} 22. Rb5 {[%emt 0:05:09]} dxc4 {[%emt 0:04:21]} 23. Qxd6 {[%emt 0:00:22]} Rxd6 {[%emt 0:00:03]} 24. Rxc5 {[%emt 0:00:11]} bxc5 {[%emt 0:00:05]} 25. Ne4 {[%emt 0:01:07]} Rd3 {[%emt 0:00:43]} 26. Nxc5 {[%emt 0:01:41]} Rxa3 {[%emt 0:00:46]} 27. Kf1 {[%emt 0:00:23]} Nb3 {[%emt 0:00:20]} 28. Nxb3 {[%emt 0:00:25]} cxb3 {[%emt 0:00:06]} 29. Rb1 {[%emt 0:00:30]} a5 {[%emt 0:00:07]} 30. Ke2 {[%emt 0:00:06]} Ra2+ {[%emt 0:00:26]} 31. Kd3 {[%emt 0:00:12]} a4 {[%emt 0:00:27]} 32. Kc3 {[%emt 0:00:14]} Rxf2 {[%emt 0:00:37]} 33. Kb4 {[%emt 0:00:20]} Rxg2 {[%emt 0:00:41]} 34. Kxa4 {[%emt 0:00:05]} b2 {[%emt 0:00:33]} 35. Kb3 {[%emt 0:00:05]} Rxh2 {[%emt 0:00:05]} 36. Kc3 {[%emt 0:00:02]} Kf8 {[%emt 0:00:30]} 37. Kd4 {[%emt 0:00:13]} Ke7 {[%emt 0:00:08]} 38. Ke5 {[%emt 0:00:05]} Rh5+ {[%emt 0:00:07]} 39. Kd4 {[%emt 0:00:07]} Rb5 {[%emt 0:00:04]} 40. e4 {[%emt 0:00:14]} h5 {[%emt 0:00:02]} 41. Ke3 {[%emt 0:00:07]} g5 {[%emt 0:00:05]} 42. Kf3 {[%emt 0:00:04]} Ke6 {[%emt 0:00:04]} 43. Ke3 {[%emt 0:00:04]} Ke5 {[%emt 0:00:03]} 44. Kd3 {[%emt 0:00:06]} h4 {[%emt 0:00:06]} 45. Kc4 {[%emt 0:00:05]} Rb8 {[%emt 0:00:04]} 46. Kd3 {[%emt 0:00:05]} h3 {[%emt 0:00:05]} 47. Ke3 {[%emt 0:00:04]} h2 {[%emt 0:00:01]} 48. Kf2 {[%emt 0:00:05]} h1=Q {[%emt 0:00:11]} 49. Rxh1 {[%emt 0:00:08]} b1=Q {[%emt 0:00:07]} 50. Rxb1 {[%emt 0:00:06]} Rxb1 {[%emt 0:00:05]} 0-1

[Event "NOR-ch Youth 2019"]
[Site "Skien"]
[Date "2019.11.09"]
[Round "4.12"]
[White "Unneland, Mathias"]
[Black "Lindstad, Livia"]
[Result "1-0"]
[WhiteElo "2029"]
[BlackElo "1527"]
[Annotator "NA RC"]
[PlyCount "119"]
[EventDate "2019.11.08"]
[EventType "swiss"]
[EventCountry "NOR"]
[SourceTitle "playchess.com"]
[Source "ChessBase"]
[SourceQuality "1"]
[TimeControl "5400+30"]

1. d4 {[%emt 0:00:00]} d5 {[%emt 0:00:00]} 2. c4 {[%emt 0:00:00]} c6 {[%emt 0:00:13]} 3. Nf3 {[%emt 0:00:00]} Nf6 {[%emt 0:00:52]} 4. Nc3 {[%emt 0:00:04]} dxc4 {[%emt 0:01:19]} 5. a4 {[%emt 0:00:07]} Bf5 {[%emt 0:00:48]} 6. e3 {[%emt 0:00:18]} e6 {[%emt 0:01:01]} 7. Bxc4 {[%emt 0:00:07]} Bb4 {[%emt 0:00:58]} 8. Qe2 {[%emt 0:00:14]} Nbd7 {[%emt 0:02:08]} 9. O-O {[%emt 0:00:24]} O-O {[%emt 0:00:38]} 10. e4 {[%emt 0:00:42]} Bg6 {[%emt 0:01:58]} 11. Bd3 {[%emt 0:01:58]} Qc7 {[%emt 0:02:53] D19: Slav Defence: 5 a4 Bf5 6 e3: Main line with 9 Qe2} (11... Re8 $11) (11... h6 12. Rd1 a6 13. Bf4 Qe7 14. h3 Rac8 15. Rac1 c5 16. e5 Bxd3 17. Qxd3 Bxc3 18. exf6 Qxf6 19. Bd6 Bxb2 20. Rc2 Bxd4 21. Bxf8 Rxf8 22. Nxd4 cxd4 23. Qxd4 Qxd4 24. Rxd4 {½-½ (37) Korobov,A (2699)-Bareev,E (2650) Wijk aan Zee 2019}) 12. e5 {[%emt 0:02:05]} Nd5 {[%emt 0:02:14]} 13. Bxg6 {[%emt 0:03:30]} hxg6 {[%emt 0:01:32]} 14. Bd2 {[%emt 0:02:35]} Be7 $146 {[%emt 0:03:12]} ({Predecessor:} 14... Nxc3 15. bxc3 Be7 16. a5 c5 17. Bg5 Nb8 18. Qe4 Nc6 19. Qh4 {½-½ (42) Anderson,P (1977)-Hollands,G (1766) Frome 2018}) 15. Bg5 {[%emt 0:04:30]} Qd8 {[%emt 0:03:48]} 16. Ne4 {[%emt 0:02:36]} N7b6 {[%emt 0:07:42]} (16... c5 $11 {keeps the balance.}) 17. Bxe7 {[%emt 0:08:16]} Nxe7 {[%emt 0:03:40]} 18. Ra3 {[%emt 0:01:39]} Nf5 {[%emt 0:02:07]} 19. Rd1 {[%emt 0:01:44]} Nd5 {[%emt 0:03:51]} 20. Nfg5 {[%emt 0:04:50]} Nh6 {[%emt 0:01:24]} 21. g3 {[%emt 0:05:28]} Qe7 {[%emt 0:03:22]} 22. h4 {[%emt 0:03:16]} Qb4 $16 {[%emt 0:02:54]} 23. h5 {[%emt 0:01:58]} Ne7 {[%emt 0:01:28]} 24. hxg6 {[%emt 0:06:03]} Nxg6 {[%emt 0:00:24]} 25. Qh5 {[%emt 0:01:00]} Qxb2 {[%emt 0:03:32]} 26. Nf6+ {[%emt 0:02:25]} Kh8 {[%emt 0:00:23]} 27. Nxf7+ {[%emt 0:00:51]} Rxf7 {[%emt 0:00:48]} 28. Qxg6 {[%emt 0:00:07]} gxf6 {[%emt 0:01:13]} 29. Qxh6+ {[%emt 0:00:06]} Kg8 {[%emt 0:01:22]} 30. Rf3 {[%emt 0:03:22]} Qc2 {[%emt 0:07:23]} 31. Rdd3 {[%emt 0:02:11]} Raf8 {[%emt 0:03:27]} 32. Rf4 {[%emt 0:01:58]} f5 {[%emt 0:03:37]} 33. Rh4 {[%emt 0:02:27]} Rg7 {[%emt 0:01:31]} 34. Qxe6+ {[%emt 0:00:13]} Rff7 {[%emt 0:00:44]} 35. Qe8+ {[%emt 0:00:58]} Rf8 {[%emt 0:00:18]} 36. Rh8+ {[%emt 0:01:28]} Kxh8 {[%emt 0:00:12]} 37. Qxf8+ {[%emt 0:00:04]} Kh7 {[%emt 0:00:18]} 38. Qxf5+ {[%emt 0:00:06]} Kg8 {[%emt 0:00:59]} 39. e6 {[%emt 0:01:54]} Rh7 {[%emt 0:01:36]} 40. Qg6+ {[%emt 0:03:26]} Rg7 {[%emt 0:02:23]} 41. Qe4 {[%emt 0:02:37]} Rh7 {[%emt 0:01:51]} 42. Re3 {[%emt 0:02:45]} Qd1+ {[%emt 0:02:01]} 43. Re1 {[%emt 0:00:07]} Qh5 {[%emt 0:00:17]} 44. Qh4 {[%emt 0:05:39]} Qxh4 {[%emt 0:01:45]} 45. gxh4 {[%emt 0:00:20]} Kf8 {[%emt 0:00:14]} 46. Re4 {[%emt 0:00:52]} Ke7 {[%emt 0:01:26]} 47. Kg2 {[%emt 0:00:58]} b5 {[%emt 0:01:59]} 48. axb5 {[%emt 0:01:20]} cxb5 {[%emt 0:00:05]} 49. d5 {[%emt 0:00:49]} a5 {[%emt 0:02:07]} 50. Kf3 {[%emt 0:01:08]} b4 {[%emt 0:03:37]} 51. Ke3 {[%emt 0:00:23]} Rh8 {[%emt 0:00:42]} 52. Kd3 {[%emt 0:03:24]} Rc8 {[%emt 0:00:56]} 53. Rc4 {[%emt 0:01:28]} Rd8 {[%emt 0:02:53]} 54. Rc7+ {[%emt 0:00:25]} Kf6 {[%emt 0:00:56]} 55. Rf7+ {[%emt 0:00:36]} Ke5 {[%emt 0:01:31]} 56. f4+ {[%emt 0:00:06]} Kxd5 {[%emt 0:00:37]} 57. Rd7+ {[%emt 0:00:08]} Kxe6 {[%emt 0:00:29]} 58. Rxd8 {[%emt 0:00:07]} b3 {[%emt 0:00:24]} 59. Kc3 {[%emt 0:00:06]} a4 {[%emt 0:00:04]} 60. Ra8 {[%emt 0:00:04]} 1-0